Attaccamento e rapporto di coppia (Record n. 210903)

Dettagli MARC
000 -LEADER
fixed length control field 01446nam a2200205Ia 4500
001 - CONTROL NUMBER
control field b6167-43227
003 - CONTROL NUMBER IDENTIFIER
control field IT-MiCISF
008 - FIXED-LENGTH DATA ELEMENTS--GENERAL INFORMATION
fixed length control field 161014s9999||||xx |||||||||||||| ||und||
040 ## - CATALOGING SOURCE
Original cataloging agency IT-MiCISF
Transcribing agency IT-MiCISF
041 ## - LANGUAGE CODE
Language code of text/sound track or separate title it
999 ## - SYSTEM CONTROL NUMBERS (KOHA)
Koha Dewey Subclass [OBSOLETE] si
100 ## - MAIN ENTRY--PERSONAL NAME
Personal name Carli Lucia (a cura di)
245 #0 - TITLE STATEMENT
Title Attaccamento e rapporto di coppia
Remainder of title Il modello di Bowlby nell'interpretazione del ciclo di vita
250 ## - EDITION STATEMENT
Edition statement 1a ed.
260 ## - PUBLICATION, DISTRIBUTION, ETC. (IMPRINT)
Place of publication, distribution, etc. Milano
Name of publisher, distributor, etc. Raffaello Cortina
Date of publication, distribution, etc. 2006 [Edizione originale: 1995]
300 ## - PHYSICAL DESCRIPTION
Extent pp. XXXVI-359
500 ## - GENERAL NOTE
General note Bartholomew K., Bretherton I., Carli L., Castoldi S., Cohn D., Collins N., Cowan C., Cowan P., Davis K., Feeney J., Hazan C., Horowitz L., Kirkpatrick L., Kobak R., Mantovani S., Noller P., Pearson J., Read S., Shaver P., Silver D. / relazione-di-coppia, psicologia, metodo d'indagine, ciclo-familiare / Il libro presenta i lavori che hanno contribuito a definire una nuova area di ricerca che considera l'attaccamento come un legame che si manifesta lungo tutto l'arco della vita e che trova nel rapporto di coppia, che caratterizza l'età adulta, una delle espressioni più significative. Il paradigma dell'attaccamento si è rivelato particolarmente adeguato a far luce sulle dinamiche delle relazioni amorose, così come a spiegare le ragioni delle difficoltà nel formare e mantenere legami soddisfacenti nelle relazioni adulte.
650 ## - SUBJECT ADDED ENTRY--TOPICAL TERM
Topical term or geographic name as entry element Relazione di coppia / coppia
Relator term 002
942 ## - ADDED ENTRY ELEMENTS (KOHA)
Koha item type LIBRO
957 ## -
-- 1
999 ## - SYSTEM CONTROL NUMBERS (KOHA)
-- 1
Dati di copia
Withdrawn status Lost status Damaged status Not for loan Home library Current library Date acquired Total Checkouts Full call number Date last seen Price effective from Koha item type Public note
    Buone Condizioni Not For Loan CISF - Milano CISF - Milano 14/10/2016   b6167-43227 14/10/2016 14/10/2016 LIBRO Data import 15.10.2016 / by Epidotti, Vaglietti
CREDITS: SOCIETA' SAN PAOLO Via A.Severo, 58 - ROMA (RM) & PERIODICI SAN PAOLO SRL Via Giotto, 36 MILANO & CISF Via Giotto, 36 MILANO & EDIZIONI SAN PAOLO SRL,  Piazza Soncino, 5 CINISELLO BALSAMO (MI) -- ITALY